[Event "Blankenburg op-A 19th"]
[Site "Blankenburg"]
[Date "2014.10.04"]
[Round "5"]
[White "Hamann, Marcus"]
[Black "Kreyssig, Bruno"]
[Result "1/2-1/2"]
[WhiteElo "1786"]
[BlackElo "1895"]
[PlyCount "83"]
[EventDate "2014.10.02"]
[EventType "swiss"]
[EventRounds "7"]
[EventCountry "GER"]
[SourceTitle "EXT 2023"]
[Source "ChessBase"]
[SourceDate "2022.10.05"]
[SourceVersion "1"]
[SourceVersionDate "2022.10.05"]
[SourceQuality "1"]

1. e4 c5 2. Nf3 g6 3. d4 cxd4 4. Nxd4 Bg7 5. Nc3 Nc6 6. Be3 d6 7. Qd2 Nf6 8. f3 0-0 9. 0-0-0 Qa5 10. Kb1 Bd7 11. Nxc6 bxc6 12. Nd5 Qxd2 13. Nxf6+ Bxf6 14. Rxd2 c5 15. Bxc5 dxc5 16. Rxd7 Rab8 17. b3 a5 18. a4 Rfd8 19. Rxd8+ Rxd8 20. Bd3 Kf8 21. f4 Bc3 22. Rd1 e6 23. Kc1 Rd4 24. g3 Ke7 25. e5 h5 26. Be2 Rxd1+ 27. Kxd1 Bd4 28. Ke1 Be3 29. Bb5 h4 30. Kf1 f6 31. exf6+ Kxf6 32. Bd3 g5 33. fxg5+ Kxg5 34. gxh4+ Kxh4 35. Kg2 Kg4 36. h4 Kxh4 37. Kf3 Bd4 38. Bc4 e5 39. Bd5 Kh3 40. Ke4 Kg3 41. Kd3 Kf4 42. Ba8 1/2-1/2

[Event "Blankenburg op-A 19th"]
[Site "Blankenburg"]
[Date "2014.10.03"]
[Round "3"]
[White "Dietz, Florian"]
[Black "Kreyssig, Bruno"]
[Result "1-0"]
[WhiteElo "1776"]
[BlackElo "1895"]
[PlyCount "59"]
[EventDate "2014.10.02"]
[EventType "swiss"]
[EventRounds "7"]
[EventCountry "GER"]
[SourceTitle "EXT 2023"]
[Source "ChessBase"]
[SourceDate "2022.10.05"]
[SourceVersion "1"]
[SourceVersionDate "2022.10.05"]
[SourceQuality "1"]

1. e4 c5 2. Nf3 d6 3. d4 cxd4 4. Nxd4 Nf6 5. Nc3 g6 6. Be3 Bg7 7. f3 0-0 8. Bc4 Nc6 9. Qd2 Bd7 10. 0-0-0 Qa5 11. Kb1 Rfc8 12. Bb3 Ne5 13. h4 Nc4 14. Bxc4 Rxc4 15. Nb3 Qc7 16. g4 Be6 17. h5 a5 18. Bh6 Bh8 19. hxg6 fxg6 20. Be3 Rc8 21. Qh2 a4 22. Nd4 Bf7 23. Ncb5 Qa5 24. Bd2 Qb6 25. Bc3 Rxc3 26. bxc3 Bc4 27. Ka1 Bxb5 28. Rb1 Rxc3 29. Nxb5 Nxe4 30. Qxh7+ 1-0

[Event "Blankenburg op-A 19th"]
[Site "Blankenburg"]
[Date "2014.10.03"]
[Round "4"]
[White "Kreyssig, Bruno"]
[Black "Walther, Joachim"]
[Result "1-0"]
[WhiteElo "1895"]
[BlackElo "1888"]
[PlyCount "63"]
[EventDate "2014.10.02"]
[EventType "swiss"]
[EventRounds "7"]
[EventCountry "GER"]
[SourceTitle "EXT 2023"]
[Source "ChessBase"]
[SourceDate "2022.10.05"]
[SourceVersion "1"]
[SourceVersionDate "2022.10.05"]
[SourceQuality "1"]

1. e4 c5 2. Nf3 d6 3. d4 cxd4 4. Nxd4 Nf6 5. Nc3 a6 6. g3 e5 7. Nde2 b5 8. Bg2 Bb7 9. Bg5 Be7 10. Bxf6 Bxf6 11. Nd5 Nd7 12. Nec3 0-0 13. 0-0 Rc8 14. a4 bxa4 15. Rxa4 Rb8 16. Qd2 Bxd5 17. Nxd5 Rxb2 18. Rxa6 Qc8 19. Rxd6 Rxc2 20. Qd3 Qc5 21. Rxd7 Rc8 22. Nxf6+ gxf6 23. Rd8+ Kg7 24. Rxc8 Qxc8 25. Rd1 Qc5 26. Qf3 Rc1 27. Qg4+ Kf8 28. h4 Qc2 29. Rxc1 Qxc1+ 30. Kh2 Qd2 31. Qf5 h6 32. Qxf6 1-0

[Event "Blankenburg op-A 19th"]
[Site "Blankenburg"]
[Date "2014.10.02"]
[Round "1"]
[White "Kahe, Ralph"]
[Black "Kreyssig, Bruno"]
[Result "1-0"]
[WhiteElo "2193"]
[BlackElo "1895"]
[PlyCount "63"]
[EventDate "2014.10.02"]
[EventType "swiss"]
[EventRounds "7"]
[EventCountry "GER"]
[SourceTitle "EXT 2023"]
[Source "ChessBase"]
[SourceDate "2022.10.05"]
[SourceVersion "1"]
[SourceVersionDate "2022.10.05"]
[SourceQuality "1"]

1. d4 Nf6 2. c4 c5 3. d5 b5 4. cxb5 a6 5. bxa6 Bxa6 6. Nc3 g6 7. e4 Bxf1 8. Kxf1 d6 9. Nge2 Bg7 10. h3 0-0 11. Kg1 Na6 12. Kh2 Qa5 13. Rb1 Nd7 14. Rf1 Ne5 15. a3 Rfb8 16. f4 Nc4 17. Qd3 Nb6 18. Bd2 c4 19. Qc2 Nc5 20. Be3 Nba4 21. Bd4 Bxd4 22. Nxd4 Nxc3 23. Nc6 Qa4 24. Qxc3 Rb3 25. Qe1 Kf8 26. Qh4 Kg7 27. f5 c3 28. fxg6 hxg6 29. Qxe7 Rf8 30. Qf6+ Kg8 31. Ne7+ Kh7 32. Rf4 1-0

[Event "Leipzig VfB op 21st"]
[Site "Leipzig"]
[Date "2014.03.08"]
[Round "7"]
[White "Kreyssig, Bruno"]
[Black "Reimann, Hubert"]
[Result "0-1"]
[WhiteElo "1871"]
[BlackElo "1990"]
[PlyCount "52"]
[EventDate "2014.03.04"]
[EventType "tourn"]
[EventRounds "9"]
[EventCountry "GER"]
[SourceTitle "CBM 159 Extra"]
[Source "ChessBase"]
[SourceDate "2014.04.24"]
[SourceVersion "1"]
[SourceVersionDate "2014.04.24"]
[SourceQuality "1"]

1. e4 c5 2. Nf3 d6 3. d4 cxd4 4. Nxd4 Nf6 5. Nc3 a6 6. Be3 e5 7. Nb3 Qc7 8. Qd2 Be7 9. Be2 0-0 10. 0-0-0 b5 11. g4 b4 12. Nd5 Nxd5 13. Qxd5 Nc6 14. f4 Be6 15. Qd3 exf4 16. Bxf4 Ne5 17. Qd4 Rfc8 18. Rd2 a5 19. Kb1 a4 20. Nc1 Qa5 21. Rhd1 b3 22. cxb3 axb3 23. a3 Rc6 24. g5 Rac8 25. h4 Qc7 26. Nd3 Nc4 0-1

[Event "Leipzig VfB op 21st"]
[Site "Leipzig"]
[Date "2014.03.06"]
[Round "5"]
[White "Kreyssig, Bruno"]
[Black "Dobierzin, Olaf"]
[Result "0-1"]
[WhiteElo "1871"]
[BlackElo "1977"]
[PlyCount "44"]
[EventDate "2014.03.04"]
[EventType "tourn"]
[EventRounds "9"]
[EventCountry "GER"]
[SourceTitle "CBM 159 Extra"]
[Source "ChessBase"]
[SourceDate "2014.04.24"]
[SourceVersion "1"]
[SourceVersionDate "2014.04.24"]
[SourceQuality "1"]

1. e4 c5 2. Nf3 d6 3. d4 cxd4 4. Nxd4 Nf6 5. Nc3 a6 6. Be3 e5 7. Nb3 Be6 8. Qd2 Nbd7 9. Be2 Qc7 10. f4 exf4 11. Bxf4 Ne5 12. Nd4 Be7 13. 0-0-0 Rc8 14. Nxe6 fxe6 15. g4 0-0 16. g5 Nxe4 17. Nxe4 Rxf4 18. Bd3 Nxd3+ 19. Qxd3 d5 20. Nc3 Bxg5 21. Kb1 Bf6 22. Rhe1 Qb6 0-1

[Event "Leipzig VfB op 21st"]
[Site "Leipzig"]
[Date "2014.03.05"]
[Round "2"]
[White "Sonntag, Hermann"]
[Black "Kreyssig, Bruno"]
[Result "1-0"]
[WhiteElo "2123"]
[BlackElo "1871"]
[PlyCount "57"]
[EventDate "2014.03.04"]
[EventType "tourn"]
[EventRounds "9"]
[EventCountry "GER"]
[SourceTitle "CBM 159 Extra"]
[Source "ChessBase"]
[SourceDate "2014.04.24"]
[SourceVersion "1"]
[SourceVersionDate "2014.04.24"]
[SourceQuality "1"]

1. d4 Nf6 2. g3 g6 3. Bg2 Bg7 4. e4 d6 5. Ne2 0-0 6. 0-0 c5 7. c3 Nc6 8. h3 cxd4 9. cxd4 Qc7 10. Nbc3 Rd8 11. Be3 b6 12. Rc1 Qd7 13. f4 Bb7 14. e5 dxe5 15. fxe5 Ne8 16. Qb3 e6 17. Ne4 h6 18. Rf4 Ne7 19. Rcf1 Nf5 20. Bf2 Bd5 21. Qf3 g5 22. Rg4 Bxe4 23. Rxe4 f6 24. h4 fxe5 25. dxe5 Qd3 26. Qh5 Rac8 27. hxg5 hxg5 28. Qxg5 Rd5 29. Nf4 1-0

[Event "GER-chT U16"]
[Site "Lingen"]
[Date "2013.12.29"]
[Round "6.3"]
[White "Kreyssig, Bruno"]
[Black "Lemke, Berfin"]
[Result "1-0"]
[WhiteElo "1891"]
[BlackElo "1709"]
[PlyCount "91"]
[EventDate "2013.12.27"]
[EventType "team-swiss"]
[EventRounds "7"]
[EventCountry "GER"]
[SourceTitle "EXT 2015"]
[Source "ChessBase"]
[SourceDate "2014.11.20"]
[SourceVersion "1"]
[SourceVersionDate "2014.11.20"]
[SourceQuality "1"]
[WhiteTeam "Leipzig"]
[BlackTeam "Koenigsspringer"]
[WhiteTeamCountry "GER"]
[BlackTeamCountry "GER"]

1. e4 c5 2. Nf3 d6 3. d4 cxd4 4. Nxd4 Nf6 5. Nc3 a6 6. Be3 Ng4 7. Bg5 h6 8. Bh4 g5 9. Bg3 Bg7 10. h3 Ne5 11. f3 Nbc6 12. Bf2 Nxd4 13. Bxd4 Be6 14. Qd2 Qa5 15. a3 Rc8 16. Be2 Bf6 17. g3 Rg8 18. 0-0-0 Nd7 19. f4 Bxd4 20. Qxd4 Qc5 21. Qd2 gxf4 22. gxf4 Rg2 23. Qd3 Nf6 24. Kb1 Bc4 25. Qxc4 Qxc4 26. Bxc4 Rxc4 27. e5 dxe5 28. fxe5 Ne4 29. Nxe4 Rxe4 30. Rd5 Rge2 31. Rhd1 f6 32. exf6 exf6 33. Rd8+ Kf7 34. Rb8 Re7 35. Rd6 Rh2 36. Rb6 Rxh3 37. R8xb7 Rh1+ 38. Ka2 Rh2 39. c4 a5 40. c5 Rc2 41. c6 a4 42. Ra6 Kf8 43. Raa7 Re1 44. c7 Ra1+ 45. Kxa1 Rc1+ 46. Ka2 1-0